| 000 | 04435cam a2200733 i 4500 | ||
|---|---|---|---|
| 001 | 20050448 | ||
| 003 | OSt | ||
| 005 | 20241031120832.0 | ||
| 008 | 171006t20182018paua b 001 0 eng c | ||
| 010 | _a 2017288897 | ||
| 016 | 7 |
_a101712806 _2DNLM |
|
| 020 |
_a9780323479783 _q(paperback) |
||
| 020 |
_a0323479782 _q(paperback) |
||
| 020 |
_a9780323523240 _q(International edition) |
||
| 020 |
_a0323523242 _q(International edition) |
||
| 035 | _a(OCoLC)ocn988944161 | ||
| 040 |
_aNLM _beng _cNLM _erda _dYDX _dTFH _dOCLCF _dHEBIS _dMBU _dOHS _dNRC _dDLC |
||
| 042 | _apcc | ||
| 050 | 0 | 0 |
_aQR185.5 _b.A23 2018 |
| 060 | 0 | 0 | _a2017 G-731 |
| 060 | 1 | 0 | _aQW 568 |
| 080 |
_a616-097 _bA-12 |
||
| 082 | 0 | 0 |
_a616.07/97 _223 |
| 100 | 1 |
_aAbbas, Abul K., _eauthor. |
|
| 245 | 1 | 0 |
_aCellular and molecular immunology / _cAbul K. Abbas, MBBS, Andrew H. Lichtman, MD, PhD, Shiv Pillai, MBBS, PhD ; illustrations by David L. Baker, Alexandra Baker. |
| 250 | _aNinth edition. | ||
| 260 |
_aPhiladelphia, PA _bElsevier, _c[2018] |
||
| 264 | 1 | _a: | |
| 300 |
_ax, 565 pages : _billustrations (chiefly color) ; _c28 cm |
||
| 336 |
_atext _btxt _2rdacontent |
||
| 337 |
_aunmediated _bn _2rdamedia |
||
| 338 |
_avolume _bnc _2rdacarrier |
||
| 365 | _b71.99 usd | ||
| 500 | _aProperties and overview of immune responses -- Cells and tissues of the immune system -- Leukocyte circulation and migration into tissues -- Innate immunity -- Antibodies and antigens -- Antigen presentation to t lymphocytes and the functions of major histocompatibility complex molecules -- Immune receptors and signal transduction -- Lymphocyte development and antigen receptor gene rearrangement -- Activation of t lymphocytes -- Differentiation and functions of cd4+ effector t cells -- Differentiation and functions of cd8+ effector t cells -- B cell activation and antibody production -- Effector mechanisms of humoral immunity -- Specialized immunity at epithelial barriers and in immune privileged tissues -- Immunologic tolerance and autoimmunity -- Immunity to microbes -- Transplantation immunology -- Immunity to tumors -- Hypersensitivity disorders -- Allergy -- Congenital and acquired immunodeficiencies -- Cytokines -- Principal features of selected CD molecules -- Laboratory techniques commonly used in immunology. | ||
| 504 | _aIncludes bibliographical references and index. | ||
| 520 |
_a"The top required and recommended immunology text worldwide, Cellular and Molecular Immunology by Drs. Abul K. Abbas, Andrew H.H. Lichtman, and Shiv Pillai, is a clear, well-written, and superbly illustrated introduction to the field. The 9th Edition retains a practical, clinical focus while updating and revising all content to ensure clarity and comprehension, bringing readers fully up to date with new and emerging information in this challenging area"-- _cPublisher's description. |
||
| 650 | 0 | _aCellular immunity. | |
| 650 | 0 | _aMolecular immunology. | |
| 650 | 0 |
_aAntigens _xImmunology. |
|
| 650 | 0 |
_aLymphocytes _xImmunology. |
|
| 650 | 1 | 2 |
_aImmunity, Cellular. _0https://id.nlm.nih.gov/mesh/D007111 |
| 650 | 2 | 2 |
_aAntibody Formation _ximmunology. _0https://id.nlm.nih.gov/mesh/D000917Q000276 |
| 650 | 2 | 2 |
_aAntigens _ximmunology. _0https://id.nlm.nih.gov/mesh/D000941Q000276 |
| 650 | 2 | 2 |
_aImmune System Diseases. _0https://id.nlm.nih.gov/mesh/D007154 |
| 650 | 2 | 2 |
_aLymphocytes _ximmunology. _0https://id.nlm.nih.gov/mesh/D008214Q000276 |
| 650 | 7 |
_aAntigens _xImmunology. _2fast _0(OCoLC)fst01982466 |
|
| 650 | 7 |
_aCellular immunity. _2fast _0(OCoLC)fst00850281 |
|
| 650 | 7 |
_aLymphocytes _xImmunology. _2fast _0(OCoLC)fst01004305 |
|
| 650 | 7 |
_aMolecular immunology. _2fast _0(OCoLC)fst01024811 |
|
| 650 | 7 |
_aImmunologie _2gnd |
|
| 650 | 7 |
_aMolekularbiologie _2gnd |
|
| 650 | 7 |
_aZelluläre Immunität _2gnd |
|
| 653 | _aიმუნოლოგია | ||
| 653 | _aიმუნური სისტემა | ||
| 653 | _aუჯრედული იმუნოლოგია | ||
| 653 | _aმოლეკულური იმუნოლოგია | ||
| 700 | 1 |
_aLichtman, Andrew H., _eauthor. |
|
| 700 | 1 |
_aPillai, Shiv, _eauthor. |
|
| 700 | 1 |
_aBaker, David L. _c(Medical illustrator), _eillustrator. |
|
| 700 | 1 |
_aBaker, Alexandra, _eillustrator. |
|
| 906 |
_a7 _bcbc _cpccadap _d2 _encip _f20 _gy-gencatlg |
||
| 942 |
_2udc _cBK _e9 |
||
| 999 |
_c63 _d63 |
||